Statistiques concernant Principales ville du Bade-Würtemberg

Cliquez ici pour prendre le quiz!

Statistiques générales

  • Ce quiz a été pris 9 fois
  • Le résultat moyen est 5 sur 10

Statistiques - réponses

Nombre d'habitantVille% Correct
236kFribourg-en-Brisgau
88%
626kStuttgart
88%
301kKarlsruhe
75%
315kMannheim
38%
92kTubingue
38%
128kUlm
38%
57kBaden-Baden
25%
128kHeilbronn
25%
127kPforzheim
25%
162kHeidelberg
13%

Distribution des résultats

Percentile par nombre de réponses

% des personnes avec chaque résultat

Votre développement - résultats

Vous n’avez pas pris ce quiz